| 000 | 01201nam a2200325 a 4500 | ||
|---|---|---|---|
| 001 | 000114105 | ||
| 003 | CHAP | ||
| 005 | 20220329144427.0 | ||
| 008 | 171103s2017 mx sm |||||||spa d | ||
| 010 | _a110566 | ||
| 011 | _a111538 | ||
| 040 | _cCHAP | ||
| 090 | _aTesis | ||
| 100 | 1 |
_aGutiérrez Ríos, Daniel _9133968 |
|
| 245 | 1 | 0 |
_aAplicación de Thizobium ssp. y Trichoderma harzianum sobre algunas características vegetativas en plántulas de soya _h[En línea] _cpor Daniel Gutiérrez Ríos. |
| 260 |
_aCocula Gro. : _bEl autor, _c2017. |
||
| 500 | _aPara ver el contenido del material haga clic en la liga | ||
| 502 | _aTesis (Ing. Fitotecnista) -- Colegio Superior Agropecuario del Estado de Guerrero | ||
| 590 |
_aE6339RRR _b05 _c20171103 _lUCH01 _h0908 |
||
| 590 |
_aE6339RRR _b05 _c20171103 _lUCH01 _h0909 |
||
| 590 |
_aE6339RRR _b05 _c20171103 _lUCH01 _h0910 |
||
| 650 | 1 | 4 |
_aNitrógeno _xEfecto en soya. _981462 |
| 650 | 1 | 4 |
_aNitrógeno _xFijación. _981472 |
| 650 | 1 | 4 |
_aSoya _xMejoramiento. _9109069 |
| 650 | 1 | 4 |
_aTrichoderma como fungicida. _9129638 |
| 856 |
_aFinding aid _uhttp://10.13.5.2/tesis/sist114105.pdf _zTeclea aquí |
||
| 901 | _aBK | ||
| 942 | _cTESIS | ||
| 942 | _n0 | ||
| 999 |
_c110566 _d110566 |
||